Countries which have participated in all Rugby World Cups. - Statistics

General Stats
  • This quiz has been taken 78 times
  • The average score is 10 of 11
Answer Stats
RWC won Countries % Correct
3 New Zealand
100%
1 England
98%
2 Australia
97%
0 Scotland
97%
0 Wales
97%
0 Ireland
95%
0 France
94%
0 Italy
89%
0 Japan
84%
0 Argentina
82%
0 Canada
73%
No matching quizzes found
Score Distribution
Percent of People with Each Score
Percentile by Number Answered
Your Score History
You have not taken this quiz